[Event "España ch sub-16 2007"]
[Site "Linres ESP"]
[Date "2007.07.22"]
[Round "1.1"]
[White "Barranco Cara, Francisco Javier"]
[Black "Salgado Lopez, Ivan"]
[Result "0-1"]
[WhiteElo "1887"]
[BlackElo "2456"]
[PlyCount "86"]
[EventDate "2007.07.22"]
[EventType "swiss"]
[EventRounds "9"]
[EventCountry "ESP"]
[Source "lmi"]
[SourceDate "2007.07.22"]

1. d4 f5 2. e4 fxe4 3. Nc3 Nf6 4. Bg5 Nc6 5. d5 Ne5 6. Qd4 Nf7 7. Bxf6 exf6 8.
Nxe4 f5 9. Ng3 g6 10. O-O-O Bh6+ 11. f4 O-O 12. Nf3 Bg7 13. Qd2 Qf6 14. c3 b5
15. Bxb5 Rb8 16. Bc4 Ba6 17. Bb3 Qd6 18. Nf1 Rb6 19. g3 Rfb8 20. Ne3 Qc5 21.
Rhe1 Rxb3 22. axb3 Rxb3 23. Nd4 Rb8 24. Nexf5 gxf5 25. Nxf5 Bf6 26. g4 Qa5 27.
Qc2 Qa1+ 28. Qb1 Qa5 29. Qc2 Nd6 30. Nxd6 cxd6 31. Re3 Bc4 32. Rh3 Qa1+ 33. Qb1
Qxb1+ 34. Kxb1 Re8 35. Kc2 a5 36. g5 Bd8 37. Rd2 a4 38. Rd4 Bb3+ 39. Kd2 Bb6
40. Rb4 Bc5 41. Rb7 Bxd5 42. Rb5 Bc6 43. Ra5 Rf8 0-1

[Event "España ch sub-16 2007"]
[Site "Linres ESP"]
[Date "2007.07.22"]
[Round "1.2"]
[White "Recuero Guerra, David"]
[Black "Otero Nogueira, Brais"]
[Result "1-0"]
[WhiteElo "2378"]
[BlackElo "1885"]
[PlyCount "65"]
[EventDate "2007.07.22"]
[EventType "swiss"]
[EventRounds "9"]
[EventCountry "ESP"]
[Source "lmi"]
[SourceDate "2007.07.22"]

1. e4 c5 2. Nc3 d6 3. f4 Nc6 4. Nf3 g6 5. Bc4 Bg7 6. d3 e6 7. O-O Nge7 8. Qe1
Nd4 9. Nxd4 cxd4 10. Ne2 O-O 11. Bb3 Qb6 12. Kh1 f5 13. Ng3 fxe4 14. Nxe4 d5
15. Ng5 Nf5 16. Bd2 a5 17. a4 Bd7 18. Rf2 Ne3 19. Re2 Rxf4 20. Rxe3 dxe3 21.
Bxe3 Rd4 22. Bxd4 Qxd4 23. Nxe6 Qxb2 24. Nxg7 Kxg7 25. Qe7+ Kh6 26. Rf1 Bc6 27.
g4 Re8 28. g5+ Kh5 29. Qxh7+ Kg4 30. Rg1+ Kf4 31. Qf7+ Ke3 32. Re1+ Kd2 33.
Rxe8 1-0

[Event "España ch sub-16 2007"]
[Site "Linres ESP"]
[Date "2007.07.22"]
[Round "1.3"]
[White "Rodriguez Fernandez, Cristian"]
[Black "Cabrera Trujillo, Jorge"]
[Result "1/2-1/2"]
[WhiteElo "1882"]
[BlackElo "2324"]
[PlyCount "109"]
[EventDate "2007.07.22"]
[EventType "swiss"]
[EventRounds "9"]
[EventCountry "ESP"]
[Source "lmi"]
[SourceDate "2007.07.22"]

1. e4 c5 2. Nf3 d6 3. b3 Nc6 4. Bb2 Nf6 5. e5 dxe5 6. Nxe5 Nxe5 7. Bxe5 Bd7 8.
Nc3 a6 9. Be2 Bc6 10. Bf3 Qd7 11. O-O e6 12. a4 Bd6 13. Bxc6 Qxc6 14. Qe2 Bxe5
15. Qxe5 O-O 16. d3 Rfd8 17. Rfe1 Rd4 18. Ne4 Nxe4 19. Rxe4 Rxe4 20. Qxe4 Qxe4
21. dxe4 Rd8 22. Kf1 Rd4 23. Re1 Kf8 24. Re3 Ke7 25. Ke2 b5 26. axb5 axb5 27.
f3 c4 28. Rc3 Kd6 29. b4 Kc6 30. Ra3 Kb6 31. Rc3 Rd7 32. Ra3 Rd8 33. g3 f6 34.
h3 Rd4 35. Ke1 e5 36. Ke2 c3 37. Rxc3 Rxb4 38. Rd3 Rc4 39. c3 Rc7 40. f4 Re7
41. fxe5 fxe5 42. Rd5 Re6 43. Rd7 Rg6 44. Kf3 Rc6 45. Rd3 Rc4 46. Ke3 Ka5 47.
Kd2 h5 48. Rd7 Rxe4 49. Ra7+ Kb6 50. Rxg7 h4 51. gxh4 Rxh4 52. Rg5 e4 53. Rg4
Rxh3 54. Rxe4 Rh2+ 55. Kd3 1/2-1/2

[Event "España ch sub-16 2007"]
[Site "Linres ESP"]
[Date "2007.07.22"]
[Round "1.4"]
[White "Arribas Lopez, Angel"]
[Black "Almagro Guardia, Elena"]
[Result "1-0"]
[WhiteElo "2292"]
[BlackElo "1881"]
[PlyCount "83"]
[EventDate "2007.07.22"]
[EventType "swiss"]
[EventRounds "9"]
[EventCountry "ESP"]
[Source "lmi"]
[SourceDate "2007.07.22"]

1. Nf3 e6 2. g3 c5 3. Bg2 d5 4. O-O Nc6 5. d3 g6 6. Nbd2 Bg7 7. c4 Nge7 8. a3
O-O 9. Qc2 b6 10. Rb1 a5 11. b3 Bb7 12. e3 Qd7 13. Bb2 Rfd8 14. Rfd1 Rac8 15.
Rbc1 Nf5 16. Ne1 d4 17. e4 Nfe7 18. Rb1 f5 19. Bc1 Bh6 20. Nf1 Bxc1 21. Qxc1
Rf8 22. Nc2 fxe4 23. dxe4 Rf7 24. Ne1 Rcf8 25. Nd3 Qc7 26. Qg5 Kg7 27. f4 Ng8
28. Nd2 Qe7 29. Qxe7 Ngxe7 30. Nf3 Nc8 31. Ng5 Re8 32. Nxf7 Kxf7 33. e5 N8e7
34. b4 Nf5 35. bxa5 Ne3 36. Rxb6 Ba8 37. Bxc6 Bxc6 38. Rxc6 Nxd1 39. Rc7+ Kf8
40. a6 Ne3 41. a7 Nxc4 42. Rb7 1-0

[Event "España ch sub-16 2007"]
[Site "Linres ESP"]
[Date "2007.07.22"]
[Round "1.6"]
[White "Camacho Collados, Marcos"]
[Black "Renilla Merchan, Andres"]
[Result "1-0"]
[WhiteElo "2239"]
[BlackElo "1875"]
[PlyCount "65"]
[EventDate "2007.07.22"]
[EventType "swiss"]
[EventRounds "9"]
[EventCountry "ESP"]
[Source "lmi"]
[SourceDate "2007.07.22"]

1. e4 d5 2. exd5 Qxd5 3. Nc3 Qe5+ 4. Be2 c6 5. Nf3 Qc7 6. O-O Bf5 7. d4 e6 8.
Bd3 Bg6 9. Re1 Nf6 10. Ne5 Bd6 11. g3 O-O 12. Nxg6 hxg6 13. Ne4 Nxe4 14. Bxe4
Nd7 15. c3 Nf6 16. Bg2 Rac8 17. Qf3 b5 18. Bg5 Nd5 19. h4 Be7 20. Bxe7 Nxe7 21.
Re5 a5 22. h5 Rfd8 23. Qg4 b4 24. hxg6 Nxg6 25. Rh5 bxc3 26. bxc3 Qe7 27. Be4
c5 28. dxc5 Rxc5 29. Bxg6 fxg6 30. Rxc5 Qxc5 31. Qxe6+ Kf8 32. Re1 g5 33. Re5
1-0

[Event "España ch sub-16 2007"]
[Site "Linres ESP"]
[Date "2007.07.22"]
[Round "1.7"]
[White "Diaz Castro, Ismael"]
[Black "Moreno Gracia, Daniel"]
[Result "0-1"]
[WhiteElo "1872"]
[BlackElo "2237"]
[PlyCount "78"]
[EventDate "2007.07.22"]
[EventType "swiss"]
[EventRounds "9"]
[EventCountry "ESP"]
[Source "lmi"]
[SourceDate "2007.07.22"]

1. e4 c5 2. Nf3 d6 3. d4 Nf6 4. Nc3 cxd4 5. Nxd4 a6 6. Be2 e5 7. Nb3 Be7 8. a4
b6 9. O-O Bb7 10. f3 O-O 11. Be3 Nbd7 12. Re1 Rc8 13. Nd2 d5 14. exd5 Rxc3 15.
bxc3 Nxd5 16. Nf1 Nxe3 17. Nxe3 Bc5 18. Bf1 Qc7 19. Kh1 Nf6 20. Bd3 Re8 21. Nf5
e4 22. fxe4 Bxe4 23. Bxe4 Nxe4 24. Qe2 Qe5 25. Qf3 Nf2+ 26. Qxf2 Bxf2 27. Rxe5
Rxe5 28. Nd4 Kf8 29. g3 Ke8 30. Kg2 Bxd4 31. cxd4 Re2+ 32. Kh3 Rxc2 33. Rb1 Rc6
34. Kg4 Kd7 35. Kf5 Kc7 36. d5 Rc2 37. d6+ Kc6 38. Rd1 Kd7 39. Rb1 Rc6 0-1

[Event "España ch sub-16 2007"]
[Site "Linres ESP"]
[Date "2007.07.22"]
[Round "1.8"]
[White "Espinosa Aranda, Angel"]
[Black "Alshameary Puente, Ismael"]
[Result "0-1"]
[WhiteElo "2184"]
[BlackElo "1863"]
[PlyCount "112"]
[EventDate "2007.07.22"]
[EventType "swiss"]
[EventRounds "9"]
[EventCountry "ESP"]
[Source "lmi"]
[SourceDate "2007.07.22"]

1. e4 d6 2. d4 Nf6 3. f3 Nbd7 4. Nc3 e5 5. Nge2 Be7 6. Be3 Nb6 7. Qd3 exd4 8.
Nxd4 d5 9. e5 Nfd7 10. e6 Ne5 11. Qf5 Bf6 12. O-O-O fxe6 13. Qh3 Nec4 14. Bxc4
Nxc4 15. Rhe1 O-O 16. Nxe6 Bxc3 17. bxc3 Qe7 18. Bc5 Qxc5 19. Nxc5 Bxh3 20.
gxh3 Rxf3 21. Rxd5 Rxc3 22. Rd3 Rxd3 23. cxd3 Nd6 24. Re7 b6 25. Na6 Re8 26.
Rd7 Re2 27. Nxc7 Nf5 28. d4 Rxh2 29. d5 Rxh3 30. Kd2 Re3 31. Ne6 Re5 32. Kd3 h5
33. Ng5 g6 34. Rd8+ Kg7 35. Rd7+ Re7 36. Ne6+ Kf6 37. Rd8 Ke5 38. Ng5 Nd6 39.
Rg8 Kf6 40. Nf3 Rd7 41. Rf8+ Ke7 42. Rh8 Nf7 43. Rg8 Rxd5+ 44. Ke4 Rd6 45. Nh4
Ng5+ 46. Kf4 Kf7 47. Rc8 Ne6+ 48. Ke5 Rd3 49. Ra8 Ra3 50. Rb8 Ra5+ 51. Kd6 Rxa2
52. Nf3 Kf6 53. Rc8 g5 54. Re8 Re2 55. Rh8 g4 56. Ng1 Rd2+ 0-1

[Event "España ch sub-16 2007"]
[Site "Linres ESP"]
[Date "2007.07.22"]
[Round "1.9"]
[White "Lopez Garrido, Daniel"]
[Black "Senlle Caride, Miguel"]
[Result "0-1"]
[WhiteElo "1861"]
[BlackElo "2179"]
[PlyCount "38"]
[EventDate "2007.07.22"]
[EventType "swiss"]
[EventRounds "9"]
[EventCountry "ESP"]
[Source "lmi"]
[SourceDate "2007.07.22"]

1. e4 e5 2. Nc3 Bc5 3. Bc4 Nf6 4. d3 a6 5. Nf3 d6 6. Be3 Nbd7 7. Ng5 O-O 8. Qf3
b5 9. Bb3 Bxe3 10. fxe3 Nc5 11. h4 c6 12. Ne2 Qa5+ 13. Kf2 Bg4 14. Qg3 Qd2 15.
Rhe1 Nxb3 16. cxb3 Qxd3 17. Rad1 Qxe4 18. Rxd6 Qc2 19. h5 Qf5+ 0-1

[Event "España ch sub-16 2007"]
[Site "Linres ESP"]
[Date "2007.07.22"]
[Round "1.10"]
[White "Barbero Senidic, Alejandro"]
[Black "Perez Castellano, Susana"]
[Result "1-0"]
[WhiteElo "2163"]
[BlackElo "1861"]
[PlyCount "27"]
[EventDate "2007.07.22"]
[EventType "swiss"]
[EventRounds "9"]
[EventCountry "ESP"]
[Source "lmi"]
[SourceDate "2007.07.22"]

1. e4 e5 2. Nf3 Nc6 3. Bc4 Bc5 4. c3 Nf6 5. d4 exd4 6. cxd4 Bb4+ 7. Bd2 Bxd2+
8. Nbxd2 d5 9. exd5 Nxd5 10. Qb3 Na5 11. Qa4+ c6 12. Bxd5 Qxd5 13. Rc1 Be6 14.
Rc5 1-0

[Event "España ch sub-16 2007"]
[Site "Linres ESP"]
[Date "2007.07.22"]
[Round "1.11"]
[White "Ceballos Munoz, Carlos"]
[Black "Garcia Molina, Francisco Miguel"]
[Result "0-1"]
[WhiteElo "1852"]
[BlackElo "2157"]
[PlyCount "106"]
[EventDate "2007.07.22"]
[EventType "swiss"]
[EventRounds "9"]
[EventCountry "ESP"]
[Source "lmi"]
[SourceDate "2007.07.22"]

1. e4 e6 2. d4 d5 3. Nc3 Bb4 4. e5 Ne7 5. f4 c5 6. a3 Bxc3+ 7. bxc3 Nbc6 8. Nf3
O-O 9. Bd3 f6 10. a4 Qa5 11. Qd2 Bd7 12. Ba3 c4 13. Be2 f5 14. O-O Rfe8 15.
Rfb1 Nd8 16. Bb4 Qc7 17. Qe1 Bc6 18. a5 Nf7 19. Qh4 Ng6 20. Qg3 b6 21. axb6
axb6 22. Ng5 Ba4 23. Nxf7 Qxf7 24. Rc1 Ne7 25. Qe1 Nc6 26. Qd2 Ra7 27. Ra3 Rea8
28. Rca1 Qd7 29. Qc1 Kf7 30. Kf2 Nd8 31. Qb2 Nc6 32. Bh5+ g6 33. Be2 Qd8 34. g3
g5 35. fxg5 Qxg5 36. Qc1 Qg6 37. Bd6 b5 38. Qd1 Kg8 39. Qd2 Rf7 40. Rg1 Kh8 41.
Qf4 Rg8 42. Ra2 Qg5 43. Rb2 h6 44. Bf3 Rfg7 45. Rg2 Nd8 46. Bc5 Nf7 47. Rb1 Kh7
48. Rb2 Nh8 49. Qxg5 hxg5 50. Ba3 g4 51. Be2 Nf7 52. Rb1 Ng5 53. Ke3 Ne4 0-1

[Event "España ch sub-16 2007"]
[Site "Linres ESP"]
[Date "2007.07.22"]
[Round "1.12"]
[White "Herrera Delgado, Alejandro"]
[Black "Rodriguez Ballespin, Daniel"]
[Result "1-0"]
[WhiteElo "2150"]
[BlackElo "1847"]
[PlyCount "47"]
[EventDate "2007.07.22"]
[EventType "swiss"]
[EventRounds "9"]
[EventCountry "ESP"]
[Source "lmi"]
[SourceDate "2007.07.22"]

1. e4 c6 2. d4 d5 3. e5 Bf5 4. Nf3 e6 5. Be2 Ne7 6. O-O Nd7 7. Nbd2 c5 8. c4
cxd4 9. Nxd4 Nxe5 10. cxd5 Qxd5 11. Qa4+ N5c6 12. Nb5 Qd7 13. Nc4 Nd5 14. Bf3
Bd3 15. Bxd5 Bxf1 16. Kxf1 exd5 17. Bf4 Nd4 18. Re1+ Ne6 19. Ne5 Qd8 20. Nd6+
Ke7 21. Nf5+ Kf6 22. Ng4+ Kxf5 23. Re5+ Kxg4 24. f3+ 1-0

[Event "España ch sub-16 2007"]
[Site "Linres ESP"]
[Date "2007.07.22"]
[Round "2.1"]
[White "Salgado Lopez, Ivan"]
[Black "Vila Gonzalez, Daniel"]
[Result "1-0"]
[WhiteElo "2456"]
[BlackElo "2004"]
[PlyCount "67"]
[EventDate "2007.07.22"]
[EventType "swiss"]
[EventRounds "9"]
[EventCountry "ESP"]
[Source "lmi"]
[SourceDate "2007.07.22"]

1. e4 c5 2. Nf3 Nc6 3. d4 cxd4 4. Nxd4 Nf6 5. Nc3 e5 6. Ndb5 d6 7. Bg5 a6 8.
Na3 b5 9. Bxf6 gxf6 10. Nd5 f5 11. Bd3 Be6 12. O-O Bxd5 13. exd5 Ne7 14. Re1
Bg7 15. c3 O-O 16. Nc2 f4 17. a4 bxa4 18. Nb4 a5 19. Nc6 Qc7 20. Qh5 Ng6 21.
Rxa4 Rfe8 22. Be4 Qb6 23. Rb1 Bf6 24. Qe2 Bh4 25. Rba1 Rf8 26. Bf5 Kh8 27. b4
Rg8 28. Rxa5 Rxa5 29. Rxa5 Bf6 30. Be4 Bh4 31. Kf1 Rf8 32. Ra6 Qb7 33. Ra7 Qc8
34. Qh5 1-0

[Event "España ch sub-16 2007"]
[Site "Linres ESP"]
[Date "2007.07.22"]
[Round "2.2"]
[White "De Nacimiento Montaño, Angel"]
[Black "Recuero Guerra, David"]
[Result "0-1"]
[WhiteElo "1999"]
[BlackElo "2378"]
[PlyCount "122"]
[EventDate "2007.07.22"]
[EventType "swiss"]
[EventRounds "9"]
[EventCountry "ESP"]
[Source "lmi"]
[SourceDate "2007.07.22"]

1. e4 c5 2. Nf3 d6 3. d4 cxd4 4. Nxd4 Nf6 5. Nc3 Nc6 6. Be2 Nxd4 7. Qxd4 g6 8.
Bb5+ Bd7 9. Bxd7+ Qxd7 10. Nd5 Bg7 11. Bg5 Nh5 12. Qb4 e6 13. Nc3 a5 14. Qb6
Ra6 15. Qe3 h6 16. Bh4 g5 17. Bg3 Nxg3 18. hxg3 Qc6 19. O-O Ke7 20. Nd5+ Kd7
21. Qf3 Rf8 22. Ne3 Bxb2 23. Rad1 Kc8 24. Rd3 Bg7 25. Rfd1 Qc5 26. Qe2 Rb6 27.
Rb3 Rxb3 28. cxb3 Kb8 29. Qd2 Rd8 30. Nc4 a4 31. Rc1 axb3 32. axb3 Qd4 33. Qa5
Rc8 34. Kh2 Qc5 35. Qxc5 Rxc5 36. Rd1 d5 37. Nd6 d4 38. Nxf7 Kc7 39. e5 Rd5 40.
f4 gxf4 41. gxf4 Bf8 42. Nh8 d3 43. Ng6 Bb4 44. f5 exf5 45. Nf4 Rxe5 46. Nxd3
Re4 47. Nxb4 Rxb4 48. Rd3 Kc6 49. Rf3 f4 50. Kh3 Kd5 51. Kg4 Ke5 52. Rh3 f3+
53. Kg3 fxg2 54. Kxg2 Rb6 55. Kf2 Kf4 56. Rd3 Rb4 57. Rh3 Kg5 58. Kg2 h5 59.
Rg3+ Rg4 60. Kh3 Rxg3+ 61. Kxg3 b5 0-1

[Event "España ch sub-16 2007"]
[Site "Linres ESP"]
[Date "2007.07.22"]
[Round "2.3"]
[White "Adan Bermudez, Sergio"]
[Black "Arribas Lopez, Angel"]
[Result "1/2-1/2"]
[WhiteElo "1991"]
[BlackElo "2292"]
[PlyCount "121"]
[EventDate "2007.07.22"]
[EventType "swiss"]
[EventRounds "9"]
[EventCountry "ESP"]
[Source "lmi"]
[SourceDate "2007.07.22"]

1. c4 g6 2. Nc3 Bg7 3. g3 e5 4. Bg2 Nc6 5. e4 d6 6. Nge2 f5 7. d3 Nf6 8. O-O
O-O 9. h3 Be6 10. Nd5 Qd7 11. Kh2 Rae8 12. Be3 Nh5 13. exf5 gxf5 14. f4 Nd8 15.
fxe5 dxe5 16. d4 c6 17. dxe5 cxd5 18. cxd5 Bf7 19. e6 Nxe6 20. dxe6 Qxe6 21.
Nf4 Qxe3 22. Nxh5 Rd8 23. Qf3 Qxf3 24. Bxf3 Bxb2 25. Rad1 b6 26. Nf4 Bd4 27. a4
a5 28. Bc6 Bc5 29. Bd5 Bxd5 30. Rxd5 Rxd5 31. Nxd5 Kg7 32. Kg2 Rf7 33. Rf4 Kg6
34. g4 h5 35. gxf5+ Rxf5 36. Rxf5 Kxf5 37. Kf3 Ke5 38. Nf4 h4 39. Ng6+ Kd5 40.
Nxh4 Kc4 41. Ke2 Kb3 42. Nf3 Kxa4 43. Kd3 b5 44. Nd2 Kb4 45. Kc2 Be7 46. Nb1
Bf6 47. Nd2 a4 48. Ne4 Bg7 49. h4 a3 50. Kb1 Bh6 51. Ka2 Be3 52. h5 Bc1 53. Nd6
Kc5 54. Ne4+ Kd4 55. Nd6 b4 56. Kb3 Ke5 57. Ne8 Kf5 58. Nc7 Kg5 59. Ne6+ Kxh5
60. Nd4 Be3 61. Kxb4 1/2-1/2

[Event "España ch sub-16 2007"]
[Site "Linres ESP"]
[Date "2007.07.22"]
[Round "2.4"]
[White "Alonso Rosell, Alvar"]
[Black "Moreno Martin, Daniel"]
[Result "1-0"]
[WhiteElo "2285"]
[BlackElo "1997"]
[PlyCount "97"]
[EventDate "2007.07.22"]
[EventType "swiss"]
[EventRounds "9"]
[EventCountry "ESP"]
[Source "lmi"]
[SourceDate "2007.07.22"]

1. d4 d5 2. c4 c6 3. Nf3 Nf6 4. Nc3 a6 5. a4 e6 6. g3 dxc4 7. Bg2 c5 8. dxc5
Qxd1+ 9. Nxd1 Nc6 10. O-O Bxc5 11. Be3 Be7 12. Nd2 Nd5 13. Nxc4 Ncb4 14. Nc3
Nxe3 15. Nxe3 Rb8 16. Rfd1 Bd7 17. Nc4 Bc6 18. Bxc6+ Nxc6 19. Ne4 O-O 20. Rd7
Rfd8 21. Rad1 Kf8 22. R1d3 Ke8 23. Rxd8+ Bxd8 24. Ncd6+ Ke7 25. Nc5 Nb4 26. Rd1
b6 27. Nb3 Bc7 28. Nxf7 b5 29. Nc5 Kxf7 30. Rd7+ Kf6 31. Rxc7 Rd8 32. axb5 axb5
33. Rb7 Nc6 34. e3 b4 35. Rb6 Rc8 36. Nd3 Na5 37. Rxb4 Rc2 38. Rf4+ Ke7 39. Ra4
Nc4 40. Ra7+ Kf6 41. b4 Rd2 42. Nf4 g5 43. Nh5+ Kg6 44. g4 Ne5 45. h3 Nf3+ 46.
Kg2 Ne1+ 47. Kf1 Nd3 48. Rg7+ Kh6 49. Rf7 1-0

[Event "España ch sub-16 2007"]
[Site "Linres ESP"]
[Date "2007.07.22"]
[Round "2.5"]
[White "Jimenez Capilla, Martin"]
[Black "Camacho Collados, Marcos"]
[Result "1/2-1/2"]
[WhiteElo "1986"]
[BlackElo "2239"]
[PlyCount "130"]
[EventDate "2007.07.22"]
[EventType "swiss"]
[EventRounds "9"]
[EventCountry "ESP"]
[Source "lmi"]
[SourceDate "2007.07.22"]

1. e4 e5 2. Nf3 Nf6 3. Bc4 Nxe4 4. Nc3 Nxc3 5. dxc3 f6 6. Nh4 g6 7. f4 Qe7 8.
f5 Qg7 9. fxg6 hxg6 10. Qg4 Kd8 11. Qg3 g5 12. Nf5 Qh7 13. O-O d5 14. Bxd5 Bxf5
15. Rxf5 Qxf5 16. Bxb7 e4 17. Bxa8 Bd6 18. Qf2 Bxh2+ 19. Kf1 Bf4 20. Kg1 Bh2+
21. Kf1 Qb5+ 22. Qe2 Qxe2+ 23. Kxe2 c6 24. Be3 Kc7 25. Rh1 Nd7 26. Bg1 Rxa8 27.
Bxh2+ Kb6 28. Bd6 c5 29. Rh7 Kc6 30. Bh2 Re8 31. g4 e3 32. Rh3 Re4 33. Rxe3
Rxg4 34. Kf3 Rh4 35. Bg3 Ra4 36. Re6+ Kb7 37. Rd6 Kc8 38. a3 Kd8 39. Re6 f5 40.
Bd6 Rh4 41. Be7+ Kc8 42. Bxg5 Rh2 43. Re2 Rh1 44. c4 Rg1 45. Be7 Kc7 46. b3
Rf1+ 47. Kg2 Rf4 48. Re3 Rd4 49. Kf3 Rd1 50. Bg5 Rf1+ 51. Ke2 Rg1 52. Bf4+ Kb7
53. Rg3 Rxg3 54. Bxg3 Nf8 55. Ke3 Ne6 56. c3 Kc6 57. b4 a6 58. a4 Ng5 59. b5+
Kb7 60. a5 Ne4 61. Be5 Ka7 62. Kd3 Kb7 63. Bf4 Ka7 64. Be3 Kb7 65. Bg1 Ka7
1/2-1/2

[Event "España ch sub-16 2007"]
[Site "Linres ESP"]
[Date "2007.07.22"]
[Round "2.6"]
[White "Moreno Gracia, Daniel"]
[Black "Donoso Sanchez, Alejandro"]
[Result "1-0"]
[WhiteElo "2237"]
[BlackElo "1983"]
[PlyCount "111"]
[EventDate "2007.07.22"]
[EventType "swiss"]
[EventRounds "9"]
[EventCountry "ESP"]
[Source "lmi"]
[SourceDate "2007.07.22"]

1. c4 e5 2. Nc3 Nc6 3. g3 g6 4. Bg2 Bg7 5. d3 d6 6. Nf3 h6 7. Rb1 a5 8. a3 f5
9. O-O Nf6 10. b4 axb4 11. axb4 O-O 12. b5 Ne7 13. Qb3 Be6 14. Nd2 Rb8 15. Bb2
g5 16. Ra1 b6 17. Ra7 Rc8 18. Bb7 Rb8 19. Rfa1 Nc8 20. Bxc8 Rxc8 21. Nd5 f4 22.
Ne4 fxg3 23. hxg3 Ng4 24. Bc1 Qe8 25. f3 Qh5 26. fxg4 Bxg4 27. Ndc3 Bxe2 28.
Nxe2 Qxe2 29. Bd2 Rf3 30. Re1 Qxd3 31. Qxd3 Rxd3 32. Be3 d5 33. Nf2 Rb3 34.
cxd5 Rxb5 35. Rd1 Rb3 36. Rd3 Rxd3 37. Nxd3 Rd8 38. Rxc7 Rxd5 39. Nb4 Rb5 40.
Nc6 Rb3 41. Kf2 Bf6 42. Kf3 g4+ 43. Ke4 Bg5 44. Bxg5 hxg5 45. Kf5 Rd3 46. Kf6
Rd6+ 47. Kxe5 Rd3 48. Kf6 Rd6+ 49. Kxg5 b5 50. Ne7+ Kf8 51. Ng6+ Ke8 52. Rb7
Rd5+ 53. Kxg4 Kd8 54. Kh4 Rd4+ 55. g4 b4 56. Ne7 1-0

[Event "España ch sub-16 2007"]
[Site "Linres ESP"]
[Date "2007.07.22"]
[Round "2.7"]
[White "Senlle Caride, Miguel"]
[Black "Ocariz Gallego, Jesus"]
[Result "1-0"]
[WhiteElo "2179"]
[BlackElo "1973"]
[PlyCount "63"]
[EventDate "2007.07.22"]
[EventType "swiss"]
[EventRounds "9"]
[EventCountry "ESP"]
[Source "lmi"]
[SourceDate "2007.07.22"]

1. e4 c5 2. Nf3 Nc6 3. Nc3 g6 4. d4 cxd4 5. Nxd4 Bg7 6. Be3 Nf6 7. Nxc6 bxc6 8.
e5 Nd5 9. Nxd5 cxd5 10. Qxd5 Rb8 11. Bc4 O-O 12. O-O Qc7 13. f4 d6 14. Bb3 dxe5
15. fxe5 e6 16. Qc5 Qxe5 17. Qxe5 Bxe5 18. Bxa7 Ra8 19. Bc5 Bxb2 20. Rab1 Ba6
21. Rxb2 Rfc8 22. Bd4 Bxf1 23. Kxf1 Re8 24. Be3 Kg7 25. c4 e5 26. c5 f5 27. c6
f4 28. Bb6 Rec8 29. c7 Ra6 30. Bd5 g5 31. a4 Kf8 32. a5 1-0

[Event "España ch sub-16 2007"]
[Site "Linres ESP"]
[Date "2007.07.22"]
[Round "2.8"]
[White "Pintor Muñoz, Antonio"]
[Black "Barbero Senidic, Alejandro"]
[Result "1-0"]
[WhiteElo "1983"]
[BlackElo "2163"]
[PlyCount "61"]
[EventDate "2007.07.22"]
[EventType "swiss"]
[EventRounds "9"]
[EventCountry "ESP"]
[Source "lmi"]
[SourceDate "2007.07.22"]

1. d4 Nf6 2. Bg5 e6 3. e4 h6 4. Bxf6 Qxf6 5. c3 d6 6. Bd3 e5 7. Ne2 Nc6 8. Bb5
Bd7 9. O-O g5 10. Qa4 Be7 11. Na3 a6 12. d5 Nb8 13. Bxd7+ Nxd7 14. Ng3 Rd8 15.
Nc2 O-O 16. Ne3 Qg6 17. Ngf5 Rfe8 18. b4 Kh7 19. c4 Bf8 20. Rac1 Nf6 21. f3 h5
22. c5 Ra8 23. cxd6 cxd6 24. Rc7 b5 25. Qa5 g4 26. fxg4 Nxg4 27. Nxg4 hxg4 28.
Ng3 Re7 29. Rxe7 Bxe7 30. Qc7 Bd8 31. Qb7 1-0

[Event "España ch sub-16 2007"]
[Site "Linres ESP"]
[Date "2007.07.22"]
[Round "2.9"]
[White "Garcia Molina, Francisco Miguel"]
[Black "Martinez Rubi, Alberto"]
[Result "1-0"]
[WhiteElo "2157"]
[BlackElo "1960"]
[PlyCount "51"]
[EventDate "2007.07.22"]
[EventType "swiss"]
[EventRounds "9"]
[EventCountry "ESP"]
[Source "lmi"]
[SourceDate "2007.07.22"]

1. e4 e6 2. d4 d5 3. Nd2 Nf6 4. e5 Nfd7 5. Bd3 c5 6. c3 Nc6 7. Ngf3 f6 8. exf6
Nxf6 9. O-O cxd4 10. cxd4 Bd6 11. b3 O-O 12. Bb2 Qe8 13. Ne5 Nd7 14. Ndf3 Ndxe5
15. Nxe5 Nxe5 16. dxe5 Be7 17. Qg4 Qf7 18. Rac1 Bd7 19. Rc7 Bc6 20. Ba3 Rfe8
21. Rxe7 Rxe7 22. Qh4 g5 23. Qxg5+ Kf8 24. Qf6 Ke8 25. Bxe7 Qxe7 26. Qh8+ 1-0

[Event "España ch sub-16 2007"]
[Site "Linres ESP"]
[Date "2007.07.22"]
[Round "2.10"]
[White "Sanz Rodero, Mikel"]
[Black "Herrera Delgado, Alejandro"]
[Result "1/2-1/2"]
[WhiteElo "1961"]
[BlackElo "2150"]
[PlyCount "81"]
[EventDate "2007.07.22"]
[EventType "swiss"]
[EventRounds "9"]
[EventCountry "ESP"]
[Source "lmi"]
[SourceDate "2007.07.22"]

1. e4 c5 2. Nc3 Nc6 3. g3 g6 4. Bg2 Bg7 5. d3 Rb8 6. Be3 b5 7. Qd2 b4 8. Nd1 d6
9. Ne2 Nd4 10. O-O e5 11. c3 bxc3 12. bxc3 Nxe2+ 13. Qxe2 Ne7 14. f4 exf4 15.
gxf4 f5 16. e5 O-O 17. d4 cxd4 18. cxd4 dxe5 19. dxe5 Qa5 20. Qf2 Ba6 21. Re1
Nd5 22. Bxa7 Nxf4 23. Bxb8 Nd3 24. Qe3 Rxb8 25. Nf2 Nxe1 26. Rxe1 Bxe5 27. Rd1
Qc7 28. h4 f4 29. Qh3 Bc8 30. Qd3 Be6 31. Bd5 Qf7 32. Ng4 Bxd5 33. Nh6+ Kg7 34.
Nxf7 Bxf7 35. Re1 Bf6 36. Rf1 Rd8 37. Qa6 Bd4+ 38. Kh2 Be3 39. Re1 Bxa2 40.
Rxe3 fxe3 41. Qa7+ 1/2-1/2

[Event "España ch sub-16 2007"]
[Site "Linres ESP"]
[Date "2007.07.22"]
[Round "2.11"]
[White "Gago Padreny, Ignacio"]
[Black "Tejedor Ariza, Francisco"]
[Result "1-0"]
[WhiteElo "2124"]
[BlackElo "1952"]
[PlyCount "93"]
[EventDate "2007.07.22"]
[EventType "swiss"]
[EventRounds "9"]
[EventCountry "ESP"]
[Source "lmi"]
[SourceDate "2007.07.22"]

1. d4 d5 2. Nf3 Nf6 3. c4 e6 4. Nc3 c6 5. e3 Bd6 6. Qc2 Nbd7 7. b3 O-O 8. Be2
Qe7 9. O-O dxc4 10. bxc4 e5 11. Rd1 Re8 12. Rb1 exd4 13. exd4 Nf8 14. h3 Ng6
15. Bf1 b6 16. Bg5 Bb7 17. Re1 Qc7 18. Bxf6 gxf6 19. Ne4 Be7 20. Ng3 Bf8 21.
Nh5 Bg7 22. Qf5 Rxe1 23. Rxe1 Qd8 24. h4 c5 25. d5 Bc8 26. Qe4 Bd7 27. Nxg7
Kxg7 28. h5 f5 29. Qe3 Nh8 30. Qe5+ f6 31. Qf4 Qf8 32. Nh4 Nf7 33. Nxf5+ Bxf5
34. Qxf5 Re8 35. h6+ Kg8 36. Rxe8 Qxe8 37. Qxf6 Qe5 38. Qxe5 Nxe5 39. Be2 Nf7
40. Bg4 Nxh6 41. Be6+ Kf8 42. g4 Nf7 43. Bxf7 Kxf7 44. f4 b5 45. cxb5 Ke7 46.
f5 Kf6 47. d6 1-0